Províncias do Império do Brasil em 1828 em um Mapa - Statistics

Estatísticas Gerais
  • Esse quiz foi jogado 82 vezes
  • A pontuação média é 17 de 19
Respostas no mapa
Respostas codificadas por cores de uma escala verde-vermelha no mapa do quiz de acordo com a % correta abaixo.
 
Estatísticas das Respostas
Bandeira Província % Correto
Rio de Janeiro
99%
São Paulo
97%
Bahia
93%
São Pedro do Rio Grande do Sul
93%
Espírito Santo
91%
Mato Grosso
91%
Minas Gerais
91%
Rio Grande do Norte
91%
Santa Catarina
91%
Maranhão
87%
Pernambuco
87%
Sergipe
87%
Ceará
86%
Goiás
86%
Piauí
84%
Alagoas
81%
Paraíba
81%
Cisplatina
77%
Grão-Pará
64%
Nenhum quiz correspondente encontrado
Distribuição das Pontuações
Porcentagem de Pessoas com Cada Pontuação
Percentil de Números Respondidos
Sua Pontuação Histórica
Você não jogou esse quiz